000 00601nam a22001937a 4500
005 20241005062522.0
999 _c18552
_d18552
008 231130b ||||| |||| 00| 0 eng d
020 _a9781984680488
082 _22023
_aDC 330
_bT413
100 _a3G E-Learning.
_933638
245 _aApplied economics /
_c3G E-learning
250 _a4th edition.
260 _aNew York :
_b3g E-learning LLC,
_c©2023.
300 _axii, 352 pages :
_bcolor illustrations ;
_c25 cm.
_e1 compact disc.
500 _aIncludes references and index.
650 _aEconomics.
_950318
710 _a3G E-learning.
_933638
942 _2ddc
_cDC